| 000 | 00596nam a2200193 4500 | ||
|---|---|---|---|
| 001 | 121208 | ||
| 003 | ES-MaACL | ||
| 005 | 20230906191718.0 | ||
| 007 | t| | ||
| 008 | 070214s1971 sp r ||||1| spa d | ||
| 100 | 1 |
_aPonte, Maurice. _993052 |
|
| 245 | 1 | 3 |
_aLa informática / _cMaurice Ponte, Pierre Braillard ; traducción de Juan Godo. |
| 260 |
_aBarcelona : _bMartínez Roca, _c1971. |
||
| 300 |
_a190 p. : _bil. ; _c18 cm. |
||
| 700 | 1 |
_aBraillard, Pierre. _931293 |
|
| 700 | 1 |
_aGodo Costa, Juan. _957532 |
|
| 852 |
_aES-MaACL _jC-41628 _bR.79896 |
||
| 852 |
_aES-MaACL _jC-47588 _bR.80577 |
||
| 999 |
_c121208 _d121208 |
||